000 00945nam a22002417a 4500
005 20240530110632.0
008 170711b2014 ua g 000 0 ara d
017 _a2013/23790
_bمصر . دار الكتب المصرية
020 _a9789774486982
040 _aEG-CaGPL
082 0 4 _221
_a364.1\
_bك و
100 1 _aكانتر ، ديفيد
_eمؤلف
245 1 2 _aالوجوه المتعددة للارهاب :
_bوجهات نظر وقضايا مختلفة /
_cتحرير ديفيد كانتر ترجمة جيهان الحكيم .
300 _a464 ص :
_c24 سم .
490 0 _aالمركز القومي للترجمة
_v2233
504 _aيشتمل علي ارجاعات بيبلوجرافية
650 _aالارهاب
650 _aالجرائم
650 _aالجرائم السياسية
650 _aالارهاب والانترنت
700 0 _aجيهان الحكيم
_eمترجم
942 _2ddc
_cBK
999 _c63269
_d63269